LEADER 02016oam 2200493 450 001 9910706964003321 005 20180411092844.0 035 $a(CKB)5470000002459836 035 $a(OCoLC)896810634 035 $a(OCoLC)995470000002459836 035 $a(EXLCZ)995470000002459836 100 $a20141123d1978 ua 0 101 0 $aeng 135 $aurmn||||||||| 181 $ctxt$2rdacontent 182 $cc$2rdamedia 183 $acr$2rdacarrier 200 10$aGeology of the Cooper Ridge NE quadrangle, Sweetwater County, Wyoming $estratigraphy, structure, and energy resources, including coal, gas, oil, and shale oil /$fby Henry W. Roehler 210 1$aWashington :$cUnited States Department of the Interior, Geological Survey,$d1978. 215 $a1 online resource (iv, B45 pages) $cillustrations, maps +$e3 plates 225 1 $aGeological Survey professional paper ;$v1065-B 300 $aTitle from title screen (viewed October 6, 2014). 300 $a"Geology of the southeast part of the Rock Springs uplift, Wyoming." 300 $a"Stratigraphy, structure, and energy resources, including coal, gas, oil, and shale oil." 320 $aIncludes bibliographical references (page B16). 517 $aGeology of the Cooper Ridge NE quadrangle, Sweetwater County, Wyoming 606 $aGeology$zWyoming$zSweetwater County 606 $aGeology$zWyoming$zRock Springs Formation 606 $aMines and mineral resources$zWyoming$zSweetwater County 606 $aMines and mineral resources$zWyoming$zRock Springs Formation 615 0$aGeology 615 0$aGeology 615 0$aMines and mineral resources 615 0$aMines and mineral resources 700 $aRoehler$b Henry W.$01392979 712 02$aGeological Survey (U.S.), 801 0$bCOP 801 1$bCOP 801 2$bOCLCO 801 2$bGPO 906 $aBOOK 912 $a9910706964003321 996 $aGeology of the Cooper Ridge NE quadrangle, Sweetwater County, Wyoming$93550373 997 $aUNINA LEADER 02074nam 2200469 450 001 9910813200703321 005 20230126220625.0 010 $a1-4985-7357-6 035 $a(CKB)4100000007122843 035 $a(MiAaPQ)EBC5570881 035 $a(EXLCZ)994100000007122843 100 $a20181219d2018 uy 0 101 0 $aeng 135 $aurcnu|||||||| 181 $ctxt$2rdacontent 182 $cc$2rdamedia 183 $acr$2rdacarrier 200 10$aCustomized forms of Kurdishness in Turkey $estate rhetoric, locality, and language use /$fCeren S?engu?l 210 1$aLanham, Maryland :$cLexington Books,$d[2018] 210 4$dİ2018 215 $a1 online resource (137 pages) 225 0 $aKurdish societies, politics, and international relations 311 $a1-4985-7356-8 320 $aIncludes bibliographical references and index. 327 $aIntroduction : researching Kurdishness in Turkey -- Abbreviations -- Two "moments of transition" : how state rhetoric plays a role in manifestations of Kurdishness -- Contextualising Kurdishness through localities : everyday experiences of prejudice/discrimination -- Contextualising Kurdishness through language : family environment and neighbourhood -- Conclusion : (re-)shaping Kurdishness from macro to micro -- Appendix : list of the respondents. 330 $aThis book unpacks the diversity of experiences of Kurdishness in Turkey. By doing that, this book fills the gap within the literature on ethnicities. 606 $aKurds$zTurkey$xPolitics and government 606 $aKurds$zTurkey$xSocial conditions 606 $aKurds$zTurkey$xLanguages 607 $aTurkey$xEthnic relations 615 0$aKurds$xPolitics and government. 615 0$aKurds$xSocial conditions. 615 0$aKurds$xLanguages. 676 $a305.891/5970561 700 $aS?engu?l$b Ceren$01709537 801 0$bMiAaPQ 801 1$bMiAaPQ 801 2$bMiAaPQ 906 $aBOOK 912 $a9910813200703321 996 $aCustomized forms of Kurdishness in Turkey$94099357 997 $aUNINA